[Event "Barcelona La Lira-C 15th"]
[Site "Barcelona"]
[Date "2012.07.25"]
[Round "5"]
[White "Cano Sevila, Ivan"]
[Black "Zamora, Ricard"]
[Result "1-0"]
[WhiteElo "1467"]
[BlackElo "1516"]
[PlyCount "79"]
[EventDate "2012.07.21"]
[EventType "tourn"]
[EventRounds "9"]
[EventCountry "ESP"]
[SourceTitle "EXT 2014"]
[Source "ChessBase"]
[SourceDate "2013.11.20"]
[SourceVersion "1"]
[SourceVersionDate "2013.11.20"]
[SourceQuality "1"]

1. e4 e5 2. Nf3 Nc6 3. Bc4 Nf6 4. d3 Bc5 5. Nc3 a6 6. Be3 Bxe3 7. fxe3 Na5 8. Nxe5 Nxc4 9. Nxc4 d6 10. h3 Be6 11. Nd2 Qd7 12. Qf3 c6 13. d4 d5 14. e5 Ng8 15. Nb3 b6 16. 0-0-0 Nh6 17. Rhg1 a5 18. g4 g6 19. Qf4 Ng8 20. Na4 Qd8 21. Rdf1 h6 22. h4 Rb8 23. h5 g5 24. Qf3 Qe7 25. Nc3 Ra8 26. a4 Qb4 27. e4 Rd8 28. exd5 cxd5 29. Nb5 Rd7 30. Qc3 Qxc3 31. Nxc3 Ne7 32. Nb5 Nc8 33. Rf3 0-0 34. Nd2 Na7 35. Nd6 Nc6 36. c3 Rc7 37. Kb1 Na7 38. Rf6 Kg7 39. Nf5+ Kh7 40. Rxh6+ 1-0